[Event "Labour Day op"]
[Site "Langley BC CAN"]
[Date "2006.09.02"]
[Round "1.12"]
[White "Enns, Edward"]
[Black "Yee, Peter"]
[Result "0-1"]
[WhiteElo "1256"]
[BlackElo "1830"]
[PlyCount "94"]
[EventDate "2006.09.02"]
[EventType "swiss"]
[EventRounds "6"]
[EventCountry "CAN"]

1. e4 d6 2. d4 Nf6 3. Nc3 g6 4. Nf3 Bg7 5. Be2 O-O 6. O-O Nbd7 7. h3 c5 8. Be3
a6 9. dxc5 Nxc5 10. b4 Ncd7 11. Rb1 b5 12. Qd2 Bb7 13. Bd3 Rc8 14. Rb3 Qc7 15.
Bh6 Qb8 16. Bxg7 Kxg7 17. a4 bxa4 18. Nxa4 Nxe4 19. Bxe4 Bxe4 20. Qd4+ Nf6 21.
Nb6 Rc7 22. c4 Rb7 23. c5 Rd8 24. Qc3 dxc5 25. bxc5 Rd3 26. Qb2 Rxb3 27. Qxb3
Qf4 28. Qc3 Kg8 29. Ne5 Qg5 30. f3 Bf5 31. f4 Qh6 32. Rd1 Qf8 33. Qa5 Rc7 34.
Nd5 Nxd5 35. Rxd5 Qc8 36. c6 Kg7 37. Rd4 f6 38. Nxg6 hxg6 39. g4 Be6 40. f5
gxf5 41. gxf5 Bxf5 42. Qc3 Rxc6 43. Qg3+ Kf7 44. Rh4 Rc1+ 45. Kf2 Qc5+ 46. Qe3
Rf1+ 47. Ke2 Re1+ 0-1

[Event "Labour Day op"]
[Site "Langley BC CAN"]
[Date "2006.09.02"]
[Round "1.16"]
[White "Kospartov, Nicolas"]
[Black "Trandafir, Stefan"]
[Result "0-1"]
[WhiteElo "1353"]
[BlackElo "1768"]
[PlyCount "28"]
[EventDate "2006.09.02"]
[EventType "swiss"]
[EventRounds "6"]
[EventCountry "CAN"]

1. e4 c5 2. Nf3 e6 3. d4 cxd4 4. Nxd4 Nf6 5. Nc3 a6 6. Bg5 Be7 7. e5 h6 8. exf6
Bxf6 9. Bxf6 gxf6 10. Be2 b5 11. Bf3 d5 12. Qd3 e5 13. Nxd5 Qd6 14. Nf5 Bxf5
0-1

[Event "Labour Day op"]
[Site "Langley BC CAN"]
[Date "2006.09.02"]
[Round "1.17"]
[White "Davidson, Brian"]
[Black "Lohner, Jason"]
[Result "1-0"]
[WhiteElo "1759"]
[BlackElo "1220"]
[PlyCount "67"]
[EventDate "2006.09.02"]
[EventType "swiss"]
[EventRounds "6"]
[EventCountry "CAN"]

1. d4 d5 2. Bg5 f6 3. Bh4 Nc6 4. e3 b6 5. Nd2 Bb7 6. Bd3 e6 7. a3 Qd7 8. Qh5+
g6 9. Bxg6+ hxg6 10. Qxh8 Qg7 11. Qxg7 Bxg7 12. Ne2 O-O-O 13. O-O g5 14. Bg3
Nge7 15. c4 Nf5 16. cxd5 exd5 17. Rfc1 Nxg3 18. Nxg3 Ne7 19. b4 f5 20. Nf3 f4
21. Nh5 Bh6 22. Ne5 Rf8 23. Rc3 Nf5 24. Rac1 c5 25. dxc5 b5 26. c6 Ba8 27. Nd7
Rf7 28. Rc5 fxe3 29. fxe3 Nxe3 30. Rxb5 Kc7 31. Nhf6 Bg7 32. Ne8+ Kd8 33. Nxg7
Bxc6 34. Ne5 1-0

[Event "Labour Day op"]
[Site "Langley BC CAN"]
[Date "2006.09.02"]
[Round "2"]
[White "Han, Yiming"]
[Black "Hara, George"]
[Result "1/2-1/2"]
[WhiteElo "1330"]
[BlackElo "1894"]
[PlyCount "26"]
[EventDate "2006.09.02"]
[EventType "swiss"]
[EventRounds "6"]
[EventCountry "CAN"]

1. e4 e6 2. d4 d5 3. Nc3 Nf6 4. e5 Nfd7 5. h4 c5 6. Be3 Nc6 7. f4 Qb6 8. Na4
Qb5 9. c3 Qa5 10. dxc5 b5 11. cxb6 axb6 12. Nxb6 Nxb6 13. Bd2 Nb4 1/2-1/2

[Event "Labour Day op"]
[Site "Langley BC CAN"]
[Date "2006.09.02"]
[Round "2"]
[White "Kelman, Sean"]
[Black "Enns, Edward"]
[Result "1-0"]
[WhiteElo "1743"]
[BlackElo "1256"]
[PlyCount "23"]
[EventDate "2006.09.02"]
[EventType "swiss"]
[EventRounds "6"]
[EventCountry "CAN"]

1. e4 e5 2. Nf3 d6 3. d4 exd4 4. Nxd4 Nf6 5. Nc3 a6 6. Bg5 Be7 7. e5 h6 8. exf6
Bxf6 9. Bxf6 Qxf6 10. Be2 b5 11. Bf3 d5 12. Qd3 1-0

[Event "Labour Day op"]
[Site "Langley BC CAN"]
[Date "2006.09.02"]
[Round "2"]
[White "Raymer, Elliot"]
[Black "Waters, John"]
[Result "1-0"]
[WhiteElo "1791"]
[BlackElo "1145"]
[PlyCount "24"]
[EventDate "2006.09.02"]
[EventType "swiss"]
[EventRounds "6"]
[EventCountry "CAN"]

1. e4 e5 2. Nf3 Nf6 3. Nxe5 Nxe4 4. Qe2 f6 5. Qh5+ g6 6. Nxg6 hxg6 7. Qxg6+ Ke7
8. Qxe4+ Kf7 9. Bc4+ Kg7 10. Qg4+ Kh7 11. Qh5+ Kg7 12. Qf7+ Kh6 1-0

[Event "Labour Day op"]
[Site "Langley BC CAN"]
[Date "2006.09.02"]
[Round "2"]
[White "Spaan, Richard"]
[Black "Han, Yifei"]
[Result "1-0"]
[WhiteElo "1854"]
[BlackElo "1408"]
[PlyCount "117"]
[EventDate "2006.09.02"]
[EventType "swiss"]
[EventRounds "6"]
[EventCountry "CAN"]

1. e4 e5 2. f4 d6 3. Nf3 Nc6 4. Bc4 Nf6 5. d3 Be7 6. Nc3 Bg4 7. Nd5 Nd4 8. c3
Bxf3 9. gxf3 Nc6 10. Qe2 Nxd5 11. Bxd5 Bh4+ 12. Kd1 Qd7 13. Be3 a6 14. Rg1 Bf6
15. f5 O-O-O 16. b4 Ne7 17. Bxf7 Nxf5 18. Bb3 Nxe3+ 19. Qxe3 Kb8 20. Kc2 h6 21.
a4 Bg5 22. Qf2 Qc6 23. b5 Qb6 24. Qxb6 cxb6 25. bxa6 bxa6 26. h4 Bf6 27. Bd5 g5
28. Rab1 Ka7 29. a5 b5 30. c4 Rb8 31. h5 Bd8 32. Rb2 Bc7 33. Rgb1 bxc4 34. Rb7+
Rxb7 35. Rxb7+ Ka8 36. Rxc7+ Kb8 37. Rb7+ Kc8 38. Ra7 cxd3+ 39. Kxd3 Rd8 40.
Ra8+ Kc7 41. Rxd8 Kxd8 42. Bb7 Kc7 43. Bxa6 Kb8 44. Kc4 Ka7 45. Bb5 Kb7 46. Kd5
Kc7 47. Bc6 Kb8 48. Kxd6 Ka7 49. Bb5 Kb7 50. Kxe5 Kc7 51. Kd5 Kd8 52. e5 Kc7
53. e6 Kd8 54. Kd6 Kc8 55. e7 Kb7 56. e8=Q g4 57. Qd7+ Kb8 58. Bc6 gxf3 59.
Qb7# 1-0

[Event "Labour Day op"]
[Site "Langley BC CAN"]
[Date "2006.09.02"]
[Round "2"]
[White "Steinke, Wally"]
[Black "Goodman, Kevin"]
[Result "0-1"]
[WhiteElo "1727"]
[BlackElo "1841"]
[PlyCount "50"]
[EventDate "2006.09.02"]
[EventType "swiss"]
[EventRounds "6"]
[EventCountry "CAN"]

1. e4 e6 2. d4 d5 3. e5 c5 4. c3 Nc6 5. Nf3 Qb6 6. a3 c4 7. Be2 Bd7 8. O-O f6
9. exf6 Nxf6 10. Nbd2 Bd6 11. Ng5 Qc7 12. g3 h6 13. Bh5+ Ke7 14. Nf7 Rhf8 15.
Nxd6 Qxd6 16. f4 Kd8 17. Re1 Kc7 18. Be2 g5 19. fxg5 hxg5 20. Nf3 Ne4 21. Bf1
Nxg3 22. hxg3 Qxg3+ 23. Bg2 g4 24. Ne5 Qf2+ 25. Kh1 Rh8+ 0-1

[Event "Labour Day op"]
[Site "Langley BC CAN"]
[Date "2006.09.02"]
[Round "2"]
[White "Sullivan, Brian"]
[Black "Pearce, Ken"]
[Result "1-0"]
[WhiteElo "1605"]
[BlackElo "1056"]
[PlyCount "51"]
[EventDate "2006.09.02"]
[EventType "swiss"]
[EventRounds "6"]
[EventCountry "CAN"]

1. d4 d5 2. c4 c6 3. Nc3 Nf6 4. Nf3 Bg4 5. e3 e6 6. Be2 Nbd7 7. Bd2 Bd6 8. Rc1
Bxf3 9. gxf3 Qc7 10. cxd5 exd5 11. Nb5 Qb8 12. Nxd6+ Qxd6 13. a3 O-O 14. Bb4
Qc7 15. Bxf8 Kxf8 16. b4 b5 17. Bxb5 Nb8 18. Qc2 h5 19. Bxc6 Nxc6 20. Qxc6 Qxc6
21. Rxc6 Ke7 22. Ke2 g5 23. Re1 g4 24. Rc7+ Ke6 25. Rec1 Kf5 26. Rxf7 1-0

[Event "Labour Day op"]
[Site "Langley BC CAN"]
[Date "2006.09.02"]
[Round "2"]
[White "Zhao, Donovan"]
[Black "Long, Hugh"]
[Result "1/2-1/2"]
[WhiteElo "1249"]
[BlackElo "1736"]
[PlyCount "56"]
[EventDate "2006.09.02"]
[EventType "swiss"]
[EventRounds "6"]
[EventCountry "CAN"]

1. e4 e6 2. d4 d5 3. exd5 exd5 4. Nf3 Nf6 5. Bg5 Be7 6. Nbd2 O-O 7. Bd3 b6 8.
O-O Ba6 9. Bxa6 Nxa6 10. Qe2 Nb8 11. Rfe1 Bd6 12. Qf1 c5 13. c3 Nbd7 14. Rad1
cxd4 15. cxd4 Rc8 16. Rc1 Rxc1 17. Rxc1 h6 18. Bh4 Qb8 19. Bg3 Bxg3 20. hxg3
Ne4 21. Qe2 f5 22. Nxe4 fxe4 23. Nd2 Nf6 24. b3 h5 25. Nf1 Rc8 26. Rxc8+ Qxc8
27. Qb2 Qf5 28. Ne3 Qd7 1/2-1/2

[Event "Labour Day op"]
[Site "Langley BC CAN"]
[Date "2006.09.02"]
[Round "2.1"]
[White "Trandafir, Stefan"]
[Black "McLaren, Brian"]
[Result "0-1"]
[WhiteElo "1768"]
[BlackElo "2208"]
[PlyCount "56"]
[EventDate "2006.09.02"]
[EventType "swiss"]
[EventRounds "6"]
[EventCountry "CAN"]

1. d4 f5 2. Nf3 Nf6 3. e3 b6 4. Bd3 e6 5. c3 Bb7 6. Nbd2 d5 7. O-O Bd6 8. Re1
Nbd7 9. Nf1 O-O 10. Ng5 Qe7 11. f3 h6 12. Nh3 Qf7 13. Qe2 Rae8 14. a4 a5 15. b3
g6 16. Bc2 e5 17. e4 dxe4 18. Bxh6 exf3 19. Qd1 fxg2 20. Ne3 Qh7 21. Bxf8 Nxf8
22. Ng5 Qh4 23. Nf3 Qf4 24. Nxe5 Rxe5 25. dxe5 Bxe5 26. Nxg2 Qxh2+ 27. Kf2
Qxg2+ 28. Ke3 Qg3+ 0-1

[Event "Labour Day op"]
[Site "Langley BC CAN"]
[Date "2006.09.02"]
[Round "2.3"]
[White "Milner, Arie"]
[Black "Leblanc, Paul"]
[Result "1-0"]
[WhiteElo "1744"]
[BlackElo "1989"]
[PlyCount "95"]
[EventDate "2006.09.02"]
[EventType "swiss"]
[EventRounds "6"]
[EventCountry "CAN"]

1. e4 c6 2. d4 d5 3. e5 c5 4. c3 Nc6 5. Bb5 e6 6. Nf3 Qb6 7. Ba4 Bd7 8. a3 cxd4
9. cxd4 Nge7 10. Bc2 Ng6 11. O-O Be7 12. Nc3 Rc8 13. Rb1 Na5 14. Bg5 Qd8 15.
Bxe7 Qxe7 16. Ba4 a6 17. Bxd7+ Qxd7 18. Na4 Rc6 19. Nc5 Qc8 20. b4 Nc4 21. Qa4
O-O 22. Rfe1 b6 23. Nd3 Qb7 24. Rec1 Rfc8 25. h3 f6 26. exf6 gxf6 27. Re1 Re8
28. Nb2 b5 29. Qb3 e5 30. dxe5 fxe5 31. Nxc4 bxc4 32. Qc3 d4 33. Nxd4 exd4 34.
Rxe8+ Kf7 35. Qe1 Qd7 36. Re4 c3 37. Rc1 d3 38. Qd1 Qd5 39. Qf3+ Rf6 40. Qe3 d2
41. Rd1 c2 42. Qa7+ Kf8 43. Qb8+ Kg7 44. Qc7+ Qf7 45. Qxc2 Rxf2 46. Rxd2 Rf1+
47. Kh2 Qa7 48. Qc3+ 1-0

[Event "Labour Day op"]
[Site "Langley BC CAN"]
[Date "2006.09.02"]
[Round "2.6"]
[White "Gaciu, Vlad"]
[Black "Davidson, Brian"]
[Result "0-1"]
[WhiteElo "1920"]
[BlackElo "1759"]
[PlyCount "56"]
[EventDate "2006.09.02"]
[EventType "swiss"]
[EventRounds "6"]
[EventCountry "CAN"]

1. e4 c5 2. f4 d6 3. Nf3 Nc6 4. Bb5 Bd7 5. Nc3 e6 6. O-O Be7 7. d3 a6 8. Bxc6
Bxc6 9. Qe1 Nf6 10. h3 O-O 11. g4 Rc8 12. g5 Nh5 13. Qh4 g6 14. f5 exf5 15.
exf5 d5 16. f6 Bd6 17. Ne2 Re8 18. Nf4 Bxf4 19. Bxf4 Re2 20. Rac1 d4 21. Qg4
Bd7 22. Qh4 Qe8 23. Rce1 Bc6 24. Qg4 Bxf3 25. Rxe2 Bxe2 26. Re1 Bxg4 27. Rxe8+
Rxe8 28. hxg4 Nxf4 0-1

[Event "Labour Day op"]
[Site "Langley BC CAN"]
[Date "2006.09.02"]
[Round "2.6"]
[White "Neufahrt, Gerhard"]
[Black "Firor, Jon"]
[Result "0-1"]
[WhiteElo "1988"]
[BlackElo "1792"]
[PlyCount "104"]
[EventDate "2006.09.02"]
[EventType "swiss"]
[EventRounds "6"]
[EventCountry "CAN"]

1. e4 c5 2. f4 d6 3. Nf3 Nf6 4. Nc3 e6 5. d4 cxd4 6. Nxd4 a6 7. Bd3 Nc6 8. Nxc6
bxc6 9. Be3 d5 10. e5 Nd7 11. O-O c5 12. Na4 Be7 13. c3 O-O 14. Rf3 g6 15. Rh3
Qc7 16. Qg4 f5 17. Qg3 c4 18. Be2 Rf7 19. Rf1 Nc5 20. Nxc5 Bxc5 21. Bd1 a5 22.
b3 Ba6 23. Re1 cxb3 24. axb3 Bd3 25. Rh6 Rg7 26. Rh3 Rb8 27. Qf2 Bxe3 28. Rhxe3
Be4 29. h4 Qc5 30. Bc2 Bxc2 31. Qxc2 d4 32. Rd3 dxc3+ 33. Kh2 Rc7 34. Ree3 Qb4
35. Rxc3 Qxf4+ 36. g3 Qxe3 37. Rxc7 Rxb3 38. Qg2 Rb8 39. Qc2 f4 40. gxf4 Qxf4+
41. Kg2 Qg4+ 42. Kh2 Qxh4+ 43. Kg2 Qg4+ 44. Kh1 Qf3+ 45. Kg1 Rb4 46. Rc4 Qg3+
47. Kh1 Rxc4 48. Qxc4 Qxe5 49. Qc8+ Kg7 50. Qd7+ Kh6 51. Qd2+ g5 52. Qf2 Qe4+
0-1

[Event "Labour Day op"]
[Site "Langley BC CAN"]
[Date "2006.09.02"]
[Round "2.9"]
[White "Yee, Peter"]
[Black "Li, Changhe"]
[Result "1-0"]
[WhiteElo "1830"]
[BlackElo "1238"]
[PlyCount "113"]
[EventDate "2006.09.02"]
[EventType "swiss"]
[EventRounds "6"]
[EventCountry "CAN"]

1. d4 d5 2. c4 c6 3. Nc3 Nf6 4. Bf4 dxc4 5. a4 Bf5 6. e3 e6 7. Bxc4 Bd6 8. Bxd6
Qxd6 9. Nf3 Nbd7 10. O-O O-O 11. h3 Ne4 12. a5 Ndf6 13. Nh4 Bg6 14. Nxg6 hxg6
15. Qc2 Nxc3 16. bxc3 e5 17. Rfb1 Rab8 18. Rb2 exd4 19. cxd4 Qc7 20. Rab1 b6
21. axb6 axb6 22. Bb5 c5 23. Rc1 Rbc8 24. Ba6 Ra8 25. Ra2 Nd7 26. Qc4 Qd6 27.
Bb5 Rxa2 28. Qxa2 Nf6 29. dxc5 bxc5 30. Bc4 Qc7 31. Rb1 Nd7 32. Qa6 Rb8 33.
Rxb8+ Nxb8 34. Qxg6 Kf8 35. Qh7 Qe5 36. Qh8+ Ke7 37. Qg8 f6 38. Qxg7+ Kd8 39.
Qa7 Qc7 40. Qxc7+ Kxc7 41. f4 Nd7 42. Kf2 Nb6 43. Bd3 c4 44. Bc2 Nd5 45. Kf3
Kd6 46. g3 Kc5 47. h4 Ne7 48. g4 Kb4 49. Be4 c3 50. Ke2 Kb3 51. Kd1 Nc8 52. h5
Nd6 53. Bc2+ Kc4 54. h6 Nf7 55. h7 Kc5 56. g5 Nh8 57. g6 1-0

[Event "Labour Day op"]
[Site "Langley BC CAN"]
[Date "2006.09.02"]
[Round "2.17"]
[White "Stockhausen, Peter"]
[Black "Kaspartov, Nicholas"]
[Result "1-0"]
[WhiteElo "1589"]
[BlackElo "1353"]
[PlyCount "61"]
[EventDate "2006.09.02"]
[EventType "swiss"]
[EventRounds "6"]
[EventCountry "CAN"]

1. e4 d5 2. exd5 Nf6 3. d4 Nxd5 4. Nf3 Nc6 5. Be2 Bf5 6. O-O e6 7. a3 Qf6 8. c4
Nb6 9. Nc3 O-O-O 10. Bg5 Nxd4 11. Bxf6 Nxf3+ 12. Bxf3 Rxd1 13. Raxd1 gxf6 14.
Be2 e5 15. b4 Be6 16. c5 Nc4 17. Ne4 Be7 18. Rc1 b5 19. cxb6 Nxb6 20. Nc5 Bd5
21. Bg4+ Kb8 22. Na6+ Kb7 23. Nxc7 Bc4 24. Bf3+ Kc8 25. Rfe1 Rd8 26. Na8 Rd4
27. Nxb6+ axb6 28. Re4 b5 29. Rxd4 exd4 30. Be2 d3 31. Bxd3 1-0

[Event "Labour Day op"]
[Site "Langley BC CAN"]
[Date "2006.09.02"]
[Round "2.18"]
[White "Lohner, Jason"]
[Black "Paulson, Stewart"]
[Result "0-1"]
[WhiteElo "1220"]
[BlackElo "1579"]
[PlyCount "85"]
[EventDate "2006.09.02"]
[EventType "swiss"]
[EventRounds "6"]
[EventCountry "CAN"]

1. e4 e5 2. Nf3 Nc6 3. Bb5 d6 4. c3 Bd7 5. O-O Nf6 6. Re1 a6 7. Ba4 Be7 8. d4
b5 9. Bc2 h6 10. dxe5 dxe5 11. b3 Bg4 12. Nbd2 O-O 13. Qe2 Bd6 14. Bb2 Ne7 15.
b4 c5 16. a3 c4 17. Rad1 Qb6 18. Qe3 Qb7 19. Nxc4 Bxb4 20. cxb4 bxc4 21. Bxe5
Ng6 22. Bxf6 gxf6 23. e5 Bxf3 24. Qxh6 fxe5 25. Rd6 Bh5 26. Qxh5 Qxg2+ 27. Kxg2
Nf4+ 28. Kf3 Nxh5 29. Rxe5 Ng7 30. Be4 Rad8 31. Rxa6 Ne6 32. Rd5 c3 33. Ke3 Rc8
34. Bc2 Rfe8 35. Ke4 Nc7+ 36. Kd4 Nxd5 37. Kxd5 Red8+ 38. Rd6 Re8 39. b5 Re2
40. Rc6 Rd8+ 41. Kc5 Rxc2 42. b6 Rb2 43. Rc7 0-1

[Event "Labour Day op"]
[Site "Langley BC CAN"]
[Date "2006.09.03"]
[Round "3"]
[White "Botez, Alexandra"]
[Black "Burke, Paul"]
[Result "0-1"]
[WhiteElo "1604"]
[BlackElo "1989"]
[PlyCount "76"]
[EventDate "2006.09.02"]
[EventType "swiss"]
[EventRounds "6"]
[EventCountry "CAN"]

1. d4 Nf6 2. c4 c5 3. d5 e6 4. Nc3 exd5 5. cxd5 d6 6. e4 g6 7. Bd3 Bg7 8. Nge2
O-O 9. O-O Na6 10. a3 Nc7 11. f3 a6 12. a4 b6 13. Be3 Re8 14. Qd2 Bb7 15. Bg5
Qd7 16. Bxf6 Bxf6 17. f4 b5 18. a5 Qe7 19. Rab1 c4 20. Bc2 b4 21. Na4 Nxd5 22.
exd5 Qxe2 23. Rbd1 Qxd2 24. Rxd2 b3 25. Bb1 Bd8 26. Nb6 Bxb6+ 27. axb6 a5 28.
f5 Re5 29. fxg6 hxg6 30. Rfd1 Ra6 31. Kf2 Rxb6 32. Rd4 Ba6 33. Be4 f5 34. Bf3
a4 35. Ra1 Bb5 36. g4 Ra6 37. Rd2 a3 38. bxa3 c3 0-1

[Event "Labour Day op"]
[Site "Langley BC CAN"]
[Date "2006.09.03"]
[Round "3"]
[White "Goodman, Kevin"]
[Black "Raymer, Elliot"]
[Result "1-0"]
[WhiteElo "1841"]
[BlackElo "1791"]
[PlyCount "132"]
[EventDate "2006.09.02"]
[EventType "swiss"]
[EventRounds "6"]
[EventCountry "CAN"]

1. c4 Nf6 2. Nc3 e6 3. g3 d5 4. Bg2 c6 5. d4 Be7 6. Nf3 O-O 7. O-O Nbd7 8. b3
b6 9. Bg5 Bb7 10. Bxf6 Nxf6 11. Ne5 c5 12. e3 Qc7 13. Nb5 Qd8 14. Rc1 a6 15.
Nc3 Qc7 16. f4 Rfd8 17. cxd5 Nxd5 18. Nxd5 Bxd5 19. Qe2 f6 20. Nd3 Bxg2 21.
Qxg2 Qd6 22. Nb2 cxd4 23. Rfd1 Qa3 24. Nc4 Qb4 25. Rxd4 Bc5 26. Rxd8+ Rxd8 27.
Qc2 b5 28. a3 Bxe3+ 29. Nxe3 Qxa3 30. Rd1 Rf8 31. Qd3 Qb2 32. Rd2 Qc1+ 33. Kg2
Qc6+ 34. Kh3 f5 35. Ng2 h6 36. Rc2 Qb7 37. Qd6 Qe4 38. Rc6 Rf6 39. Rc8+ Kh7 40.
Qd8 Qe2 41. Qg8+ Kg6 42. Nh4+ Kh5 43. Qxg7 Qf1+ 44. Ng2 Rg6 45. Qb7 Qe2 46. Nh4
Qg4+ 47. Kg2 Qxh4 48. Qxa6 Qxf4 49. Qxb5 Qd2+ 50. Kh3 Qg5 51. Rc4 Rf6 52. Rh4+
Kg6 53. Qe8+ Kg7 54. Qe7+ Kg6 55. b4 Qc1 56. Qe8+ Kg7 57. Qb5 f4 58. Rg4+ Kf8
59. Qb8+ Kf7 60. Rxf4 Rxf4 61. Qxf4+ Qxf4 62. gxf4 Ke7 63. Kg4 Kd6 64. h4 Kd5
65. Kh5 Kc4 66. Kxh6 Kxb4 1-0

[Event "Labour Day op"]
[Site "Langley BC CAN"]
[Date "2006.09.03"]
[Round "3"]
[White "Li, Changhe"]
[Black "Kelman, Sean"]
[Result "0-1"]
[WhiteElo "1238"]
[BlackElo "1743"]
[PlyCount "45"]
[EventDate "2006.09.02"]
[EventType "swiss"]
[EventRounds "6"]
[EventCountry "CAN"]

1. e4 e5 2. Nf3 Nc6 3. Nc3 d6 4. d3 Bg4 5. h3 Bxf3 6. Qxf3 Nd4 7. Qd1 Ne7 8.
Ne2 Nec6 9. c3 Ne6 10. g3 d5 11. Bg2 dxe4 12. O-O Bc5 13. Kh2 Qe7 14. Rb1 a5
15. a3 O-O 16. f4 f6 17. f5 Ned8 18. g4 Nf7 19. c4 Rab8 20. Bd2 Qd7 21. Qe1 a4
22. Qd1 Rbe8 23. Ng3 0-1

[Event "Labour Day op"]
[Site "Langley BC CAN"]
[Date "2006.09.03"]
[Round "3"]
[White "Nan, Roxana"]
[Black "Han, Yiming"]
[Result "0-1"]
[WhiteElo "1605"]
[BlackElo "1330"]
[PlyCount "137"]
[EventDate "2006.09.02"]
[EventType "swiss"]
[EventRounds "6"]
[EventCountry "CAN"]

1. e4 e5 2. Nf3 Nc6 3. Bc4 Bc5 4. d3 Nf6 5. Bg5 h6 6. Bh4 g5 7. Bg3 d6 8. c3
Bg4 9. b4 Bb6 10. Qb3 Qe7 11. Nbd2 O-O-O 12. a4 a5 13. b5 Na7 14. Bxf7 Rdf8 15.
Bc4 h5 16. h4 gxh4 17. Bxh4 Qg7 18. O-O-O Kb8 19. Rde1 Nh7 20. Qb2 Nc8 21. Bd5
Ne7 22. d4 Ng6 23. Nc4 Nf4 24. Qd2 Nxg2 25. Nfxe5 dxe5 26. Reg1 exd4 27. Nxb6
dxc3 28. Qc2 Qh6+ 29. Kb1 cxb6 30. Qxc3 Nf4 31. Bg3 Ka7 32. Bxf4 Qxf4 33. Bxb7
Kxb7 34. f3 Qc7 35. Qxc7+ Kxc7 36. fxg4 hxg4 37. Rxg4 Nf6 38. Rg7+ Kd6 39. Rd1+
Ke6 40. Rb7 Rb8 41. Rg7 Rh4 42. Rc1 Rxe4 43. Rc6+ Kf5 44. Rf7 Re6 45. Rc1 Kg6
46. Rfc7 Re4 47. Rg1+ Rg4 48. Rxg4+ Nxg4 49. Rc6+ Kf5 50. Kb2 Ne5 51. Rh6 Ke4
52. Kb3 Kd5 53. Rf6 Nd7 54. Rc6 Nc5+ 55. Ka3 Kc4 56. Rg6 Rd8 57. Rxb6 Rd3+ 58.
Ka2 Nxa4 59. Rc6+ Kxb5 60. Rc8 Nc3+ 61. Kb2 Kb4 62. Rh8 Rd7 63. Kc1 Ne4 64.
Rb8+ Ka3 65. Rb2 Rd4 66. Rb8 a4 67. Kc2 Rb4 68. Re8 Rb2+ 69. Kc1 0-1

[Event "Labour Day op"]
[Site "Langley BC CAN"]
[Date "2006.09.03"]
[Round "3"]
[White "Parker, Dylan"]
[Black "Trotter, Don"]
[Result "0-1"]
[WhiteElo "1363"]
[BlackElo "1686"]
[PlyCount "86"]
[EventDate "2006.09.02"]
[EventType "swiss"]
[EventRounds "6"]
[EventCountry "CAN"]

1. e4 c6 2. d4 d5 3. Nc3 dxe4 4. Nxe4 Nd7 5. Nf3 Ngf6 6. Nxf6+ Nxf6 7. Bg5 Ne4
8. c3 Bg4 9. Bh4 Qb6 10. Bd3 Nd6 11. Rb1 g6 12. h3 Bf5 13. O-O O-O-O 14. Re1
Bxd3 15. Qxd3 Nf5 16. Qc4 Nxh4 17. Nxh4 e6 18. b4 Rd5 19. b5 Rxb5 20. Rxb5 Qxb5
21. Qxb5 cxb5 22. Rb1 a6 23. Nf3 f6 24. Re1 Kd7 25. g4 h6 26. Nh4 Rg8 27. Kh2
Bd6+ 28. Kg1 Bf4 29. Re2 g5 30. Ng2 e5 31. Nxf4 exf4 32. f3 Rc8 33. Rc2 Rc4 34.
a3 Kc6 35. Kf2 a5 36. Ke2 b4 37. axb4 axb4 38. Kd3 Rxc3+ 39. Rxc3+ bxc3 40.
Kxc3 Kd5 41. Kd3 b5 42. Kc3 b4+ 43. Kxb4 Kxd4 0-1

[Event "Labour Day op"]
[Site "Langley BC CAN"]
[Date "2006.09.03"]
[Round "3"]
[White "Sabaratnam, Thiruvaran"]
[Black "Trandafir, Stefan"]
[Result "0-1"]
[WhiteElo "1246"]
[BlackElo "1768"]
[PlyCount "72"]
[EventDate "2006.09.02"]
[EventType "swiss"]
[EventRounds "6"]
[EventCountry "CAN"]

1. e4 c5 2. Nf3 Nc6 3. d4 cxd4 4. Nxd4 Nf6 5. Nc3 e5 6. Nf3 Bb4 7. Bd3 d5 8.
exd5 Nxd5 9. Bd2 Bxc3 10. Bxc3 Nxc3 11. bxc3 O-O 12. O-O Qa5 13. c4 f5 14. Be2
Rd8 15. Qe1 Qc7 16. Rd1 Be6 17. Ng5 Qe7 18. Nxe6 Qxe6 19. Bf3 e4 20. Be2 Nd4
21. c3 Nc6 22. Rxd8+ Rxd8 23. Qc1 Ne5 24. c5 Qxa2 25. Rd1 Nd3 26. Bxd3 Rxd3 27.
Rf1 Qb3 28. c4 Qb4 29. Rd1 Qxc5 30. Re1 a5 31. h3 b6 32. Kf1 a4 33. Ke2 a3 34.
Rd1 Qd4 35. Rxd3 Qxd3+ 36. Ke1 a2 0-1

[Event "Labour Day op"]
[Site "Langley BC CAN"]
[Date "2006.09.03"]
[Round "3"]
[White "Zhao, Donovan"]
[Black "Steinke, Wally"]
[Result "1-0"]
[WhiteElo "1249"]
[BlackElo "1727"]
[PlyCount "57"]
[EventDate "2006.09.02"]
[EventType "swiss"]
[EventRounds "6"]
[EventCountry "CAN"]

1. e4 c5 2. Nf3 Nc6 3. d4 cxd4 4. Nxd4 g6 5. c4 Bg7 6. Nc3 d6 7. Be3 Nf6 8. Be2
O-O 9. O-O a6 10. Rc1 Ng4 11. Bxg4 Bxg4 12. f3 Qb6 13. fxg4 Bxd4 14. Bxd4 Qxd4+
15. Qxd4 Nxd4 16. Rfd1 e5 17. Kf2 f5 18. gxf5 gxf5 19. Ke3 f4+ 20. Kf2 b5 21.
cxb5 axb5 22. a3 Rac8 23. Ne2 f3 24. Nxd4 fxg2+ 25. Nf3 Rcd8 26. Ke3 d5 27.
Rxd5 Rxd5 28. exd5 Rf4 29. Rg1 1-0

[Event "Labour Day op"]
[Site "Langley BC CAN"]
[Date "2006.09.03"]
[Round "3.1"]
[White "McLaren, Brian"]
[Black "Yee, Peter"]
[Result "1-0"]
[WhiteElo "2208"]
[BlackElo "1830"]
[PlyCount "73"]
[EventDate "2006.09.02"]
[EventType "swiss"]
[EventRounds "6"]
[EventCountry "CAN"]

1. e4 d6 2. d4 g6 3. Bd3 Bg7 4. c3 Nf6 5. f4 O-O 6. Nf3 Nc6 7. O-O a6 8. h3 e6
9. Nbd2 Nh5 10. Nb3 Bh6 11. Ne1 Qh4 12. Qg4 Qe7 13. e5 f5 14. Qf3 Qh4 15. Kh2
Qe7 16. Be3 d5 17. a3 Bd7 18. c4 Nd8 19. cxd5 exd5 20. Qxd5+ Be6 21. Qc5 Qh4
22. d5 Qg3+ 23. Kh1 Bxf4 24. Bxf4 Nxf4 25. Rxf4 Qxf4 26. dxe6 Nc6 27. Nf3 Rfe8
28. Qc4 Qg3 29. Re1 Re7 30. Nc5 Rd8 31. Nd7 Kg7 32. Re2 h5 33. Bc2 f4 34. Nf6
Nxe5 35. Nxh5+ gxh5 36. Rxe5 Kf8 37. Rg5 1-0

[Event "Labour Day op"]
[Site "Langley BC CAN"]
[Date "2006.09.03"]
[Round "3.4"]
[White "Davidson, Brian"]
[Black "Spaan, Richard"]
[Result "0-1"]
[WhiteElo "1759"]
[BlackElo "1854"]
[PlyCount "72"]
[EventDate "2006.09.02"]
[EventType "swiss"]
[EventRounds "6"]
[EventCountry "CAN"]

1. d4 Nf6 2. c4 e6 3. a3 b6 4. Nc3 Bb7 5. Nf3 d5 6. Bg5 Be7 7. e3 O-O 8. Rc1
Nbd7 9. cxd5 Nxd5 10. Bxe7 Nxe7 11. Bd3 a6 12. O-O h6 13. Qe2 c5 14. Rfd1 Nd5
15. dxc5 Nxc5 16. Bc4 Nxc3 17. Rxc3 Qe7 18. b4 Ne4 19. Rcd3 b5 20. Rd7 Qf6 21.
Rxb7 Nc3 22. Qb2 Nxd1 23. Qxf6 gxf6 24. Bb3 Nc3 25. g3 Rfd8 26. Nd4 Rd6 27. Rc7
Nd5 28. Rc1 Ne7 29. Rc7 Kf8 30. Rc5 Rc8 31. Rh5 Rc1+ 32. Kg2 Kg7 33. Rh4 f5 34.
g4 Ng6 35. Rh5 fxg4 36. f4 Nxf4+ 0-1

[Event "Labour Day op"]
[Site "Langley BC CAN"]
[Date "2006.09.03"]
[Round "3.6"]
[White "Leblanc, Paul"]
[Black "Sullivan, Brian"]
[Result "1-0"]
[WhiteElo "1989"]
[BlackElo "1605"]
[PlyCount "69"]
[EventDate "2006.09.02"]
[EventType "swiss"]
[EventRounds "6"]
[EventCountry "CAN"]

1. d4 d5 2. g3 Nf6 3. Bg2 c6 4. Nf3 Bg4 5. O-O Nbd7 6. c4 e6 7. Nc3 Bd6 8. cxd5
exd5 9. Ne1 O-O 10. f3 Bf5 11. e4 dxe4 12. fxe4 Bg4 13. Qd3 Bb4 14. a3 Ba5 15.
b4 Bb6 16. Kh1 Bh5 17. Bg5 h6 18. Be3 Bg6 19. Nf3 Nxe4 20. Nxe4 Re8 21. Nfd2
Qe7 22. Bf4 Kh8 23. Qc3 a5 24. Rae1 axb4 25. axb4 Ra2 26. Qc1 Bxd4 27. Nd6 Qxe1
28. Rxe1 Rxe1+ 29. Qxe1 Ra1 30. Qxa1 Bxa1 31. Nxb7 Bc3 32. Bxc6 Nf6 33. b5 Bxd2
34. Bxd2 Ne4 35. Be3 1-0